| 000 | 00788nam a2200289Ia 4500 | ||
|---|---|---|---|
| 003 | OSt | ||
| 005 | 20240527154330.0 | ||
| 008 | 210210b1918 xxu||||| |||| 00| 0 eng d | ||
| 040 | _cAL | ||
| 041 | _aeng | ||
| 082 | _a954/672 | ||
| 100 |
_aIndia, (Archaeological Survey of) _9168041 |
||
| 245 | _aArchaeological Survey of India:Annual report 1916-17 Part I | ||
| 260 |
_aCalcutta _bSuperintendent Government Printing _c1918 |
||
| 300 | _a45 | ||
| 650 |
_aSurvey _9168042 |
||
| 650 |
_areport _9168043 |
||
| 650 |
_aPart _9168044 |
||
| 650 |
_aIndia:Annual _9168045 |
||
| 650 |
_aI _9168046 |
||
| 650 |
_aArchaeological _9168047 |
||
| 650 |
_a1916-17 _9168048 |
||
| 690 |
_aIndian History _9168049 |
||
| 700 |
_aMARSHALL (John) _9168050 |
||
| 906 | _a002172 | ||
| 942 |
_2ddc _cBK |
||
| 999 |
_c121108 _d121108 |
||